| 000 | 00824cam a2200253 a 4500 | ||
|---|---|---|---|
| 999 |
_c7227 _d7227 |
||
| 001 | 12906862 | ||
| 003 | GZU | ||
| 005 | 20210506084321.0 | ||
| 008 | 020826s2003 maua b 001 0 eng | ||
| 010 | _a 2001133286 | ||
| 020 | _a9781439037904 | ||
| 040 |
_aDLC _cDLC _dDLC |
||
| 050 | 0 | 0 |
_aHD31 _b.GRI 2008 |
| 100 | 1 |
_aGriffin, Ricky W. _eauthor |
|
| 245 | 1 | 0 |
_aFundamentals of management / _cRicky W. Griffin. |
| 250 | _a5th edition. | ||
| 260 |
_aBoston : _bHoughton Mifflin, _cc2008. |
||
| 300 |
_axvii, 529p. : _bill. (col.) ; _c25 cm. |
||
| 500 | _aIncludes bibliographical references and indexes. | ||
| 650 | 0 | _aManagement. | |
| 906 |
_a7 _bcbc _corigcop _d2 _encip _f20 _gy-gencatlg |
||
| 942 |
_2lcc _cBK _e5th edition _h31 _iGRI _kHD |
||